| 000 | 01353nab a22002057a 4500 | ||
|---|---|---|---|
| 999 |
_c5805 _d5805 |
||
| 003 | OSt | ||
| 005 | 20260106211752.0 | ||
| 008 | 190514b xxu||||| |||| 00| 0 spa d | ||
| 040 | _cPJ | ||
| 100 |
_96715 _aCloss Saracho, Erhard Otto Oscar |
||
| 245 | 1 | 3 |
_aLa autodeterminación de la persona con discapacidad y la operatividad de los sistemas de apoyos : _bhacia una implementación efectiva / _cErhard Otto Oscar Closs Saracho, María Laura Alonso. |
| 300 | _ap. 175-184 | ||
| 505 | _aSumario: I. Importancia del tema.— II. Del viejo sistema de sustitución de la capacidad.— III. Hacia el nuevo paradigma de toma de decisiones asistida.— IV. Los sistemas de apoyo para la toma de decisiones.— V. Designación autónoma de apoyos en nuestro ordenamiento interno.— VI. El deber del Estado en la conformación de los sistemas de apoyo. Su regulación y la experiencia en la provincia de Neuquén.— VII. El rol del Ministerio Público en el contralor del sistema de apoyo.— VIII. Reflexiones finales. | ||
| 505 | _tSi te interesa el texto, comunicate a koha@justierradelfuego.gov.ar | ||
| 650 | 0 |
_9967 _aDERECHO DE FAMILIA |
|
| 650 | 0 |
_92342 _aCAPACIDAD |
|
| 650 | 0 |
_93271 _aPERSONAS CON DISCAPACIDAD |
|
| 773 | 0 |
_02844 _93222 _dBuenos Aires : AbeledoPerrot, 1989- _tDerecho de familia. N° 116 - Septiembre 2024 _z18511201 |
|
| 942 |
_2udc _cANA |
||